El Impuesto progresivo : un tema difícil / Walter J. Blum y Harry Kalven ; versión castellana de Carlos Hernández de la Torre un tema difícil / Walter J. Blum y Harry Kalven ; versión castellana de Carlos Hernández de la Torre
Descripción Física:
254 p. ; 19 cm
Colección:
Libros de bolsillo ; 12
Materias:
Impostos progressius
MARC
| LEADER | 00000nam a2200000Ia 4500 | ||
|---|---|---|---|
| 001 | 657 | ||
| 008 | 160829s9999 xx 000 0 cat d | ||
| 080 | |a M-2-338 | ||
| 100 | |a Blum, Walter J. |9 35658 | ||
| 245 | |a El Impuesto progresivo : |b un tema difícil / Walter J. Blum y Harry Kalven ; versión castellana de Carlos Hernández de la Torre | ||
| 260 | |a [S.l.] : |b Instituto de Estudios Fiscales, DL 1972 | ||
| 300 | |a 254 p. ; |c 19 cm | ||
| 490 | |a Libros de bolsillo ; 12 | ||
| 650 | |a Impostos progressius |9 35659 | ||
| 700 | |a Kalven, Harry |9 35660 | ||
| 700 | |a Hernández de la Torre, Carlos, tr. |9 35661 | ||
| 901 | |a Arxiu | ||
| 942 | |n 1 | ||
| 952 | |0 0 |1 0 |4 0 |6 M2338 |7 1 |9 47018 |a Arxiu |b Arxiu |d 2016-12-01 |l 0 |o M-2-338 |p 657 |r 2016-12-01 00:00:00 |w 2016-12-01 |y ARXIU | ||
| 999 | |c 50811 |d 50811 | ||